UBT Library

Elementary structural analysis / (Record no. 44285)

000 -LEADER
fixed length control field 00650cam a2200229 i 4500
001 - CONTROL NUMBER
control field 2705576
005 - DATE AND TIME OF LATEST TRANSACTION
control field 20180307070120.0
008 - FIXED-LENGTH DATA ELEMENTS--GENERAL INFORMATION
fixed length control field 760123s1976 nyua b 001 0 eng
010 ## - LIBRARY OF CONGRESS CONTROL NUMBER
LC control number 76002407
020 ## - INTERNATIONAL STANDARD BOOK NUMBER
International Standard Book Number 0070472564
040 ## - CATALOGING SOURCE
Original cataloging agency DLC
Transcribing agency DLC
Modifying agency DLC
041 ## - LANGUAGE CODE
Language code of text/sound track or separate title eng
080 ## - UNIVERSAL DECIMAL CLASSIFICATION NUMBER
Universal Decimal Classification number 624/.171 norr
082 00 - DEWEY DECIMAL CLASSIFICATION NUMBER
Classification number 624/.171 norr
100 1# - Rafti
Rafti 27
101 ## - Shkurtesa
Shkurtesa mec
245 10 - TITLE STATEMENT
Title Elementary structural analysis /
Statement of responsibility, etc Charles Head Norris, John Benson Wilbur, Senol Utku.
504 ## - BIBLIOGRAPHY, ETC. NOTE
Bibliography, etc Includes bibliographical references and indexes.
740 0# - ADDED ENTRY--UNCONTROLLED RELATED/ANALYTICAL TITLE
Uncontrolled related/analytical title Structural analysis.
906 ## - LOCAL DATA ELEMENT F, LDF (RLIN)
a 7
b cbc
c orignew
d 1
e ocip
f 19
g y-gencatlg
942 ## - ADDED ENTRY ELEMENTS (KOHA)
Source of classification or shelving scheme
Item type Books
Holdings
Withdrawn status Lost status Source of classification or shelving scheme Damaged status Not for loan Collection code Permanent location Current location Shelving location Date acquired Total Checkouts Full call number Barcode Date last seen Price effective from Koha item type
          Koleksioni i përgjithshem UBT - Lipjan UBT - Lipjan Koleksioni i përgjithshem 03/07/2018   624/.171 norr 002-3001007 03/07/2018 03/07/2018 Books
UBT Library © 2015-2024. All rights reserved University Education for Business and Technology